| 000 | 00903cam a2200313 a 4500 | ||
|---|---|---|---|
| 999 |
_c528248 _d528248 |
||
| 001 | 3295270 | ||
| 003 | NUST | ||
| 005 | 20190904104809.0 | ||
| 008 | 830318s1984 nyu b 001 0 eng | ||
| 010 | _a 83004206 | ||
| 020 |
_a0394532007 : _c$20.00 |
||
| 020 |
_a0394716191 (pbk.) : _c$8.95 |
||
| 038 | _amsohail | ||
| 040 |
_aDLC _cDLC _dDLC |
||
| 043 | _an-us--- | ||
| 050 | 0 | 0 |
_aHC106.8 _b.A42 1984 |
| 082 | 0 | 0 |
_a363.860973 _219 _bVAU |
| 100 | 1 |
_aRoger J. Vaughan _919942 |
|
| 245 | 1 | 0 |
_aRebuilding America / _cRoger J. Vaughan |
| 250 | _a1st ed. | ||
| 260 |
_aNew York : _bThe World Bank _c[1984] |
||
| 300 |
_axi, 182 p. ; _c25 cm. |
||
| 500 | _aIncludes index. | ||
| 504 | _aBibliography: p. 283-305. | ||
| 651 | 0 |
_aUnited States _xEconomic policy _y1981-1993. _919943 |
|
| 700 | 1 |
_aFaux, Geoffrey P. _919944 |
|
| 906 |
_a7 _bcbc _corignew _d1 _eocip _f19 _gy-gencatlg |
||
| 942 |
_2ddc _cBK |
||